খালিদ বিন ওয়ালিদ রা. / (Record no. 12674)
[ view plain ]
| 000 -LEADER | |
|---|---|
| fixed length control field | 00914nam a2200229 a 4500 |
| 001 - CONTROL NUMBER | |
| JCCL Control Number | 12674 |
| 003 - CONTROL NUMBER IDENTIFIER | |
| JCCL marc code | BD-JhCC |
| 005 - DATE AND TIME OF LATEST TRANSACTION | |
| control field | 20221117083031.0 |
| 008 - FIXED-LENGTH DATA ELEMENTS--GENERAL INFORMATION | |
| fixed length control field | 221117s20172018bg |||| |||| 000 0 ban d |
| 035 ## - SYSTEM CONTROL NUMBER | |
| system control number | (BD-JhCC)12674 |
| 040 ## - CATALOGING SOURCE | |
| Original cataloging agency | BD-JhCC |
| Modifying agency | BD-JhCC |
| 041 ## - LANGUAGE CODE | |
| Language code of Book | Bangla |
| 082 ## - DEWEY DECIMAL CLASSIFICATION NUMBER | |
| Classification number | 297.64 |
| Author mark and Year | KHA 2018 |
| 100 ## - MAIN ENTRY--PERSONAL NAME | |
| Personal name | খান, মেজর জেনারেল আকবর |
| 245 ## - TITLE STATEMENT | |
| Title | খালিদ বিন ওয়ালিদ রা. / |
| Statement of responsibility, etc | মেজর জেনারেল আকবর খান, আবু সাঈদ মুহাম্মদ ওমর আলী রহ. (অনু.) |
| 260 ## - PUBLICATION, DISTRIBUTION, ETC. (IMPRINT) | |
| Place of publication, distribution, etc | ঢাকা : |
| Name of publisher, distributor, etc | মাকতাবাতুল হেরা, |
| Date of publication, distribution, etc | ২০১৮ |
| 300 ## - PHYSICAL DESCRIPTION | |
| Pagination | ৩১২ পৃ. : |
| Dimensions | ২২ সেমি. |
| 600 ## - SUBJECT ADDED ENTRY--PERSONAL NAME | |
| Personal name | Khalid ibn al-Walid |
| 650 ## - SUBJECT ADDED ENTRY--TOPICAL TERM | |
| Topical term or geographic name as entry element | Biography |
| 700 ## - ADDED ENTRY--PERSONAL NAME | |
| Personal name | আলী, আবু সাঈদ মুহাম্মদ ওমর |
| 942 ## - ADDED ENTRY ELEMENTS (KOHA) | |
| Source of classification or shelving scheme | Dewey Decimal Classification |
| Koha item type | Books |
| Source of classification or shelving scheme | Damaged status | Not for loan | Home library | Current library | Shelving location | Date of accession | Cost, normal purchase price | Total Checkouts | Full call number | Barcode | Date last seen | Date checked out | Copy number | Koha item type |
|---|---|---|---|---|---|---|---|---|---|---|---|---|---|---|
| Dewey Decimal Classification | JCC Rouf Library | JCC Rouf Library | General Stacks | 11/17/2022 | 240.00 | 3 | 297.64 KHA 2018 | 17122 | 09/20/2023 | 09/20/2023 | C-1 | Books |